|
|
|
|
| LEADER |
02672nam a2200601 a 4500 |
| 001 |
nkc20122342108 |
| 003 |
CZ PrNK |
| 005 |
20180130235007.0 |
| 007 |
ta |
| 008 |
120314s2012 xr ac e c 000 0dcze |
| 020 |
|
|
|a 978-80-7035-491-9
|q (brož.)
|
| 040 |
|
|
|a ABA001
|b cze
|
| 041 |
1 |
|
|a cze
|h ger
|
| 043 |
|
|
|a e-ne---
|
| 045 |
|
|
|a u-u-
|
| 072 |
|
7 |
|a 75
|x Malířství
|2 Konspekt
|9 21
|
| 080 |
|
|
|a 75.071.1
|2 MRF
|
| 080 |
|
|
|a 75(492)
|2 MRF
|
| 080 |
|
|
|a 75.034.7
|2 MRF
|
| 080 |
|
|
|a 316.3
|2 MRF
|
| 080 |
|
|
|a (492)
|2 MRF
|
| 080 |
|
|
|a (083.824)
|2 MRF
|
| 245 |
0 |
0 |
|a Rembrandt & Co. :
|b příběhy umění ve století blahobytu : průvodce výstavou : [Národní galerie v Praze, Sbírka starého umění, Sbírka grafiky a kresby : Šternberský palác 10.2.-27.5.2012] /
|c Anja K. Ševčík (ed.) ; [autoři textů Stefan Bartilla ... et al.]
|
| 260 |
|
|
|a V Praze :
|b Národní galerie,
|c 2012
|
| 300 |
|
|
|a 119 s. :
|b il. (převážně barev.), portréty ;
|c 24 cm
|
| 500 |
|
|
|a Část. přeloženo z němčiny
|
| 504 |
|
|
|a Obsahuje bibliografii
|
| 600 |
0 |
7 |
|a Rembrandt Harmensz. van Rijn,
|d 1606-1669
|7 jn20000701488
|2 czenas
|
| 648 |
|
7 |
|a 17. století
|7 ch460555
|2 czenas
|
| 650 |
0 |
7 |
|a malíři
|7 ph122596
|z Nizozemsko
|y 17. století
|2 czenas
|
| 650 |
0 |
7 |
|a malíři
|7 ph122596
|x žáci a následovníci
|2 czenas
|
| 650 |
0 |
7 |
|a nizozemské malířství
|7 ph115452
|y 17. století
|2 czenas
|
| 650 |
0 |
7 |
|a barokní malířství
|7 ph118762
|z Nizozemsko
|2 czenas
|
| 650 |
0 |
7 |
|a společnost
|7 ph116245
|z Nizozemsko
|y 17. století
|2 czenas
|
| 650 |
0 |
9 |
|a painters
|z Netherlands
|y 17th century
|2 eczenas
|
| 650 |
0 |
9 |
|a painters
|x pupils and followers
|2 eczenas
|
| 650 |
0 |
9 |
|a Dutch painting
|y 17th century
|2 eczenas
|
| 650 |
0 |
9 |
|a baroque painting
|z Netherlands
|2 eczenas
|
| 650 |
0 |
9 |
|a society
|z Netherlands
|y 17th century
|2 eczenas
|
| 655 |
|
7 |
|a katalogy výstav
|7 fd132536
|2 czenas
|
| 655 |
|
9 |
|a exhibition catalogs
|2 eczenas
|
| 700 |
1 |
|
|a Ševčík, Anja K.,
|d 1966-
|7 jx20050926029
|4 edt
|
| 700 |
1 |
|
|a Bartilla, Stefan,
|d 1965-
|7 mzk2009517596
|4 wfw
|
| 710 |
2 |
|
|a Národní galerie (Praha, Česko).
|b Sbírka starého umění
|7 kn20010709466
|
| 710 |
2 |
|
|a Šternberský palác (Hradčany, Praha, Česko)
|7 kn20090807001
|
| 710 |
2 |
|
|a Národní galerie (Praha, Česko).
|b Sbírka grafiky a kresby
|7 kn20020617011
|
| 856 |
4 |
1 |
|u http://www.digitalniknihovna.cz/mzk/uuid/uuid:852a3e30-f526-11e7-8226-005056827e52
|y Digitalizovaný dokument
|x NDK
|
| 910 |
2 |
|
|a BOA001
|b 2-1282.538
|
| 928 |
9 |
|
|a Národní galerie v Praze
|
| 990 |
|
|
|a BK
|
| 995 |
|
|
|a 11
|
| 991 |
|
|
|b 201203
|c NOV
|e n
|
| 996 |
6 |
|
|b 2610504682
|c 2-1282.538
|l MZK
|r Sklad / do 1 hodiny
|n 13
|p p.v.
|w 001232849
|u 000010
|a 1
|e BOA001
|j MZK50
|s P
|